Statistics for The Batman (2022) opening monologue

Click here to take the quiz!

General Stats

  • This quiz has been taken 69 times
  • The average score is 65 of 102

Answer Stats

Answer% Correct
i
95%
I
95%
a
93%
the
93%
am
80%
city
77%
shadows
77%
in
75%
are
70%
but
70%
to
70%
for
68%
I'm
68%
is
68%
light
68%
not
68%
they
68%
have
66%
hidden
66%
signal
66%
crowded
64%
holiday
64%
it's
64%
its
64%
just
64%
think
64%
me
61%
streets
61%
there
61%
warning
61%
when
61%
now
59%
sky
59%
too
59%
we
59%
and
57%
hiding
57%
be
55%
call
55%
that
55%
fear
52%
like
52%
hits
50%
know
50%
my
50%
of
50%
rain
50%
them
50%
don't
48%
element
48%
even
48%
needed
48%
strike
48%
2
45%
can't
45%
chaos
45%
into
45%
nights
45%
waiting
45%
animal
43%
everywhere
43%
nocturnal
43%
snake
43%
tool
43%
turned
43%
where
43%
years
43%
big
41%
watching
36%
carefully
32%
choose
32%
must
32%
targets
32%

Score Distribution

Percentile by Number Answered

Percent of People with Each Score

Your Score History

You have not taken this quiz